00341nam a2200097Ia 4500008004100000245008900041245003100130260000900161650002200170856005100192171204s9999 xx 000 0 und d 4aThe Social Psychology Of Ethnic Identity: (European Monographs in Social Psychology) cProfessor Maykel Verkuyten c2015 xSOCIAL PSYCHOLOGY uhttp://down.ebook777.com/024/9780415654265.pdf